000
00353nam a2200145 a 4500
001
4144
003
4144
005
20151030145219.0
008
090317s19uu xx 00 eng d
050
_a
ER
_b
Sn6 1994
100
_a
Ball, Jacqueline A.
245
_a
Snow White and the seven dwarfs :
_b
kind heartedness.
942
_2
lcc
_c
BK
999
_c
111864
_d
111864